[Event "VIII Iberoamericano Mexico 2022"]
[Site "Mexico City"]
[Date "2022.02.19"]
[Round "9.5"]
[White "Albornoz Cabrera, Carlos Daniel"]
[Black "Corrales Jimenez, Zenia"]
[Result "1-0"]
[WhiteElo "2567"]
[BlackElo "2151"]
[Annotator "TA"]
[PlyCount "125"]
[EventDate "2022.02.12"]
[EventType "swiss"]
[EventCountry "MEX"]
[SourceTitle "playchess.com"]
[Source "ChessBase"]
[SourceQuality "1"]

{[%evp 21,125,27,44,43,31,42,42,49,71,70,67,37,59,68,52,54,56,45,47,40,37,38,45,44,52,54,81,101,104,81,63,73,112,55,33,45,30,6,10,0,0,0,16,8,15,8,8,2,9,2,2,1,2,4,9,9,9,9,9,2,25,14,26,0,24,26,21,27,64,7,12,0,0,0,16,9,8,8,0,-7,16,0,-5,-51,-51,-36,-26,-46,-12,-33,0,0,0,0,0,0,0,0,0,0,0,0,12835,108,29994,29995]} 1. Nf3 Nf6 2. c4 g6 3. Nc3 Bg7 4. e4 c5 5. d4 cxd4 6. Nxd4 d6 7. Be2 Nc6 8. Be3 O-O 9. O-O Bd7 10. h3 Nxd4 11. Bxd4 Bc6 12. Qc2 {B38: Sicilian: Maroczy Bind with 5...Bg7 and 7...0-0.} a6 13. b4 {[#]} b6 $146 ({Predecessor:} 13... Rc8 14. Qd3 b6 15. Rac1 Rb8 16. Rfd1 b5 17. cxb5 axb5 18. Qe3 Rb7 19. Bf3 Rd7 {0-1 (36) Rodshtein,M (2653)-Vogt,L (2351) Budva 2019}) 14. Rfd1 {White is slightly better.} Nd7 15. Bxg7 {White is more active.} Kxg7 16. Rab1 a5 17. a3 $1 axb4 18. axb4 Qc7 19. Qd2 Nf6 {[%cal Bd7f6,Bf6h5,Bh5f4][%mdl 32]} 20. Qb2 Kg8 21. Bd3 e5 22. Qd2 Nh5 23. Rbc1 Nf4 24. Bf1 Rfd8 25. Nd5 Bxd5 26. cxd5 Qd7 27. g3 ({Better is} 27. Rc6 $16) 27... Nh5 $14 (27... Nxh3+ $2 28. Kh2 $18) 28. Rc6 Nf6 29. Bg2 b5 30. Qe2 Rdb8 31. Rdc1 Ne8 32. Bf1 Qa7 33. Qd3 Kg7 34. Qc3 Qa3 35. Bd3 Qxc3 36. R1xc3 Ra4 37. Rb3 Ra2 38. Kg2 Kf8 39. Kf3 Ke7 40. Ke3 f6 41. h4 Kd7 42. Rb1 Ra3 43. Kd2 Ra2+ 44. Rc2 Ra3 45. Bf1 (45. h5 $1 $14) 45... Ke7 46. Bh3 h5 47. Bf1 Kd7 48. Be2 Ke7 49. Rc3 Ra2+ 50. Ke3 Kd7 51. f4 f5 52. Rbc1 (52. fxe5 $11 {is more appropriate.} dxe5 53. Rbc1) 52... exf4+ $15 53. gxf4 fxe4 54. f5 Nf6 (54... gxf5 $5 {[%cal Rf5f4]} 55. Bxh5 Nf6 $15) 55. Rc7+ Kd8 (55... Ke8 $5 {[%cal Rf6d5]} 56. Bxb5+ Rxb5 57. Rc8+ Ke7 58. R1c7+ Nd7 59. fxg6 Rg2 $17) 56. Rf7 Nxd5+ 57. Kxe4 {Chess con chili.} gxf5+ ({Don't do} 57... Rxe2+ 58. Kxd5 Re5+ 59. Kc6 Rxf5 60. Rxf5 (60. Rd7+ Ke8 $11) 60... gxf5 61. Rf1 $14) 58. Kxd5 Rd2+ $1 59. Ke6 {[%cal Rf7f8] [#]} Rxe2+ 60. Kf6 d5 61. Rc6 Ke8 $2 {[%mdl 8192]} (61... f4 $11) 62. Rh7 $2 (62. Ra6 $18 f4 63. Rh7) 62... Ra8 $2 {[%mdl 8192] [#]} (62... Kd8 $16) 63. Rd6 {Weighted Error Value: White=0.24 (precise) /Black=0.17 (very precise)} 1-0

[Event "VIII Iberoamericano Mexico 2022"]
[Site "Mexico City"]
[Date "2022.02.19"]
[Round "9.6"]
[White "Henderson de La Fuente, Lance"]
[Black "Cuenca Jimenez, Jose Fernando"]
[Result "1/2-1/2"]
[WhiteElo "2494"]
[BlackElo "2552"]
[Annotator "TA"]
[PlyCount "128"]
[EventDate "2022.02.12"]
[EventType "swiss"]
[EventCountry "MEX"]
[SourceTitle "playchess.com"]
[Source "ChessBase"]
[SourceQuality "1"]

{[%evp 10,128,0,-12,0,-6,0,0,0,-8,0,-7,-8,-12,-2,-7,-14,0,0,-27,-22,-27,-29,-52,-36,-31,-15,-17,-13,-31,-19,-34,-43,-50,0,-35,-47,-47,-37,-37,-41,-45,-38,-57,-43,-64,-41,-37,-28,-45,-5,-31,-4,-20,-15,-20,-22,-30,-9,-43,-22,-18,0,0,33,-13,-7,-16,0,-16,-23,-30,-12,-20,0,-31,-7,-31,-24,-29,-29,-43,0,-39,-31,-29,-30,-36,-31,-22,-35,-51,-20,-13,0,0,0,0,0,0,0,0,0,0,0,0,0,0,0,0,0,0,0,0,0,0,0,0,0,0,0]} 1. d4 Nf6 2. Nf3 d5 3. c4 e6 4. g3 Bb4+ 5. Nbd2 dxc4 6. Bg2 b5 {Prevents Qa4. E04: Open Catalan: 5 Nf3.} 7. Ne5 Nd5 8. O-O O-O 9. Qc2 Bb7 10. b3 Bc3 11. Rb1 Bxd4 12. bxc4 Bxe5 13. cxd5 Bxd5 {[#]} 14. e4 $146 ({Predecessor:} 14. Rxb5 c6 15. Rb1 f5 16. e4 fxe4 17. Ba3 Rf7 18. Bxe4 h6 19. Nc4 Nd7 20. Rbd1 Bc7 21. Bg6 Rf3 22. Be4 {½-½ (22) Taffijn,M (2101)-Velde,M (2159) ICCF email 2019}) 14... Bc6 15. Rd1 {[#] Black must now prevent Nf3.} Qe8 16. Nf3 {[%cal Bd2f3,Bf3d4,Bd4f5][%mdl 32]} Bd6 17. Nd4 e5 18. Nf5 Qe6 19. Be3 Rd8 20. Bf1 a6 21. a4 g6 (21... h6 $15) 22. Nxd6 cxd6 23. axb5 axb5 24. Bxb5 Bxb5 25. Rxb5 Nd7 $1 26. Qd3 Nf6 $1 27. Bg5 Rd7 28. Rb6 Ne8 29. Kg2 f6 30. Bd2 f5 31. Bb4 fxe4 32. Qxe4 Rad8 33. Rd2 Qf5 34. Qd5+ Qf7 (34... Kg7 {is more complex.} 35. f4 Nf6 36. Qf3 Ne4 37. Re2 d5) 35. Qe4 $1 Nf6 36. Qc6 Rc7 {[#]} 37. Qf3 (37. Rxd6 $1 $14 Re8 38. Qf3) 37... Ne8 $11 ({Don't do} 37... e4 38. Qf4 $16) 38. Qe3 ({Don't go for} 38. Bxd6 $2 Qxf3+ 39. Kxf3 Rcd7 $19) 38... Rcd7 39. Qe4 Qe6 40. Qc6 Rc7 41. Qb5 Rf7 42. h3 Kg7 43. Qc6 {[%cal Rb4d6]} Qf5 {...Rc8 is the strong threat.} 44. Rb7 Rxb7 45. Qxb7+ Qd7 (45... Rd7 $15 46. Qb8 Kf7) 46. Qf3 (46. Qb6 $5 {[%cal Rb4c3]}) 46... Rb8 47. Ba3 Rb6 48. Kh2 Qc6 49. Qd3 Qb7 {And now ...Rb3 would win.} 50. Qe2 {[%cal Oa3d6]} Qa6 51. Qe3 {The position is equal.} Rc6 52. f4 Qb6 53. Qxb6 Rxb6 54. fxe5 dxe5 {[%mdl 4096] Endgame KRB-KRN} 55. Rd7+ Kf6 56. Rxh7 Ra6 57. Be7+ Ke6 {aiming for ...Ra7.} 58. Bc5 {Prevents Ra7.} Ra2+ 59. Kg1 {Hoping for Re7+.} Nf6 60. Ra7 Rc2 61. Ra6+ Kf7 62. Ra7+ Ke6 63. Ra6+ Kf7 64. Ra7+ Ke6 {Weighted Error Value: White=0.08 (flawless) /Black=0.07 (flawless)} 1/2-1/2

[Event "VIII Iberoamericano Mexico 2022"]
[Site "Mexico City"]
[Date "2022.02.19"]
[Round "9.7"]
[White "Cardoso Cardoso, Jose Gabriel"]
[Black "Diaz Perez, Michel Alejandro"]
[Result "1-0"]
[WhiteElo "2461"]
[BlackElo "2459"]
[Annotator "ChessBase"]
[PlyCount "109"]
[EventDate "2022.02.12"]
[EventType "swiss"]
[EventCountry "MEX"]
[SourceTitle "playchess.com"]
[Source "ChessBase"]
[SourceQuality "1"]
[TimeControl "5400+30"]

1. e4 {[%emt 0:00:10]} e5 {[%emt 0:00:17]} 2. Nf3 {[%emt 0:00:11]} Nc6 {[%emt 0:00:06]} 3. Bc4 {[%emt 0:00:20]} Bc5 {[%emt 0:00:07]} 4. c3 {[%emt 0:00:13]} Nf6 {[%emt 0:00:11]} 5. d3 {[%emt 0:00:09]} a6 {[%emt 0:00:42]} 6. a4 {[%emt 0:00:08]} d6 {[%emt 0:00:46]} 7. O-O {[%emt 0:00:12]} Ba7 {[%emt 0:00:34]} 8. Re1 {[%emt 0:00:34]} h6 {[%emt 0:04:14]} 9. Nbd2 {[%emt 0:01:11]} Ne7 {[%emt 0:06:26]} 10. Nf1 {[%emt 0:00:57]} Ng6 {[%emt 0:00:44]} 11. Ng3 {[%emt 0:00:56]} O-O {[%emt 0:01:32]} 12. h3 {[%emt 0:06:47]} c6 {[%emt 0:07:51]} 13. Bb3 {[%emt 0:00:09]} Be6 {[%emt 0:06:39]} 14. Bc2 {[%emt 0:02:39]} Re8 {[%emt 0:03:12]} 15. d4 {[%emt 0:01:20]} Qc7 {[%emt 0:06:47]} 16. Be3 {[%emt 0:00:33]} Rad8 {[%emt 0:04:31]} 17. Qb1 {[%emt 0:01:17]} Nh7 {[%emt 0:13:40]} 18. Nf5 {[%emt 0:02:09]} Bxf5 {[%emt 0:10:12]} 19. exf5 {[%emt 0:00:09]} Ngf8 {[%emt 0:00:06]} 20. Bd3 {[%emt 0:17:55]} exd4 {[%emt 0:03:40]} 21. Nxd4 {[%emt 0:00:25]} c5 {[%emt 0:00:10]} 22. Nf3 {[%emt 0:03:07]} d5 {[%emt 0:00:04]} 23. Qc2 {[%emt 0:06:54]} Nf6 {[%emt 0:01:57]} 24. a5 {[%emt 0:10:50]} N8d7 {[%emt 0:00:55]} 25. Qa4 {[%emt 0:03:14]} Bb8 {[%emt 0:01:21]} 26. Qh4 {[%emt 0:07:32]} Re7 {[%emt 0:02:53]} 27. g3 {[%emt 0:03:15]} Rde8 {[%emt 0:00:18]} 28. Kg2 {[%emt 0:00:18]} Qc6 {[%emt 0:02:21]} 29. Qa4 {[%emt 0:03:23]} Qc8 {[%emt 0:03:07]} 30. Rad1 {[%emt 0:02:32]} Ne4 {[%emt 0:01:32]} 31. Bxe4 {[%emt 0:05:13]} Rxe4 {[%emt 0:00:46]} 32. Qb3 {[%emt 0:04:02]} Nf6 {[%emt 0:05:40]} 33. Qb6 {[%emt 0:00:50]} Nd7 {[%emt 0:03:23]} 34. Qb3 {[%emt 0:00:20]} c4 {[%emt 0:00:25]} 35. Qa4 {[%emt 0:02:08]} Nf6 {[%emt 0:00:06]} 36. Bd4 {[%emt 0:00:57]} Nh5 {[%emt 0:07:12]} 37. b3 {[%emt 0:07:42]} cxb3 {[%emt 0:02:39]} 38. Qxb3 {[%emt 0:00:41]} Qxf5 {[%emt 0:01:19]} 39. Qxb7 {[%emt 0:03:13]} Nxg3 {[%emt 0:00:57]} 40. fxg3 {[%emt 0:01:02]} Re2+ {[%emt 0:00:13]} 41. Bf2 {[%emt 0:01:27]} Bxg3 {[%emt 0:00:25]} 42. Rxe2 {[%emt 0:00:31]} Rxe2 {[%emt 0:00:01]} 43. Rf1 {[%emt 0:01:47]} Bxf2 {[%emt 0:01:24]} 44. Rxf2 {[%emt 0:00:47]} Re6 {[%emt 0:00:18]} 45. Qb8+ {[%emt 0:00:50]} Kh7 {[%emt 0:00:02]} 46. Kh2 {[%emt 0:00:40]} Re3 {[%emt 0:00:53]} 47. Qg3 {[%emt 0:00:03]} Qd3 {[%emt 0:00:42]} 48. Qf4 {[%emt 0:00:35]} Qxc3 {[%emt 0:00:37]} 49. Qxf7 {[%emt 0:00:51]} Qd3 {[%emt 0:00:23]} 50. Rg2 {[%emt 0:00:32]} Qc3 {[%emt 0:00:09]} 51. Qg6+ {[%emt 0:00:51]} Kh8 {[%emt 0:00:09]} 52. Rc2 {[%emt 0:00:35]} Re6 {[%emt 0:00:57]} 53. Qxh6+ {[%emt 0:00:38]} Rxh6 {[%emt 0:00:47]} 54. Rxc3 {[%emt 0:00:03]} Rd6 {[%emt 0:00:26]} 55. Ng5 {[%emt 0:00:37]} 1-0

[Event "VIII Iberoamericano Mexico 2022"]
[Site "Mexico City"]
[Date "2022.02.19"]
[Round "9.8"]
[White "Meier, Georg"]
[Black "Jimenez Garcia, Emmanuel"]
[Result "1-0"]
[WhiteElo "2631"]
[BlackElo "2403"]
[Annotator "TA"]
[PlyCount "53"]
[EventDate "2022.02.12"]
[EventType "swiss"]
[EventCountry "MEX"]
[SourceTitle "playchess.com"]
[Source "ChessBase"]
[SourceQuality "1"]

{[%evp 16,53,55,50,46,44,48,41,83,36,83,97,89,84,85,71,93,85,111,108,117,96,118,118,124,115,166,136,185,171,464,459,470,471,550,568,560,555,544,521]} 1. Nf3 g6 2. d4 Bg7 3. e4 d6 4. Bd3 Nf6 5. O-O O-O 6. Re1 Nc6 7. c3 {[%cal Bc2c3,Bc3c4,Bc4c5][%mdl 32]} e5 8. h3 Re8 9. d5 Ne7 {B07: Pirc Defence: Miscellaneous Systems.} 10. c4 Nd7 11. Nc3 f5 {has lost popularity (11...h6).} (11... Nc5 $14 {is superior.}) 12. Rb1 {[#]} (12. exf5 $16 gxf5 13. Nh4) 12... f4 $146 (12... Nc5 $14 {was preferrable.}) ({Predecessor:} 12... Nc5 13. Bc2 a5 14. a3 fxe4 15. Nxe4 Nxe4 16. Bxe4 Nf5 17. b4 axb4 18. axb4 Bd7 {½-½ (37) Joppich,U (2460)-Muller,J (2498) ICCF email 2004}) 13. b4 $16 h6 14. c5 Nf6 15. Qc2 Rf8 16. Bd2 {White is more active.} b6 17. Rec1 a6 18. Na4 Ra7 19. cxb6 cxb6 20. b5 a5 (20... Nd7 $16) 21. Qb3 Kh7 (21... Bd7 $16 22. Rc6 Nc8) 22. Rc6 $18 Nexd5 $2 (22... Nxc6 23. bxc6 b5) 23. exd5 {White is clearly winning.} e4 {[#]} 24. Nxb6 $1 Bb7 (24... Bf5 25. Nd4) 25. Nd4 {Threatens to win with Ne6.} Bxc6 26. bxc6 ({Less strong is} 26. dxc6 Qxb6 27. Ne6 Re8 $16) 26... exd3 27. Ne6 {Weighted Error Value: White=0.07 (flawless) /Black=0.43} 1-0

[Event "VIII Iberoamericano Mexico 2022"]
[Site "Mexico City"]
[Date "2022.02.19"]
[Round "9.9"]
[White "Fier, Alexandr"]
[Black "Noboa Silva, Kevin"]
[Result "1-0"]
[WhiteElo "2583"]
[BlackElo "2331"]
[Annotator "TA"]
[PlyCount "117"]
[EventDate "2022.02.12"]
[EventType "swiss"]
[EventCountry "MEX"]
[SourceTitle "playchess.com"]
[Source "ChessBase"]
[SourceQuality "1"]

{[%evp 20,117,0,9,0,0,6,0,0,8,0,8,19,16,2,9,16,16,22,0,33,0,81,0,68,59,86,79,87,62,58,63,97,87,96,55,86,85,113,93,100,23,80,87,124,125,161,160,125,166,167,77,128,109,113,125,718,717,702,717,537,297,308,277,293,235,1906,1653,2454,2423,29947,29940,12208,11930,11333,3119,3628,1981,1744,1000,29960,29952,3160,3179,29971,29973,29969,29971,29971,29974,29972,29973,29967,29970,29988,29989,29994,29991,29991,29991]} 1. e4 e6 2. d4 d5 3. Nc3 Nf6 4. e5 Nfd7 5. f4 c5 6. Nf3 Nc6 7. Be3 cxd4 8. Nxd4 Bc5 9. Qd2 O-O 10. O-O-O Nxd4 11. Bxd4 a6 {C11: French: Classical System: 4 e5 and 4 Bg5 dxe4.} 12. Bxc5 Nxc5 13. Qd4 Qc7 {The position is equal.} 14. h4 {[%cal Bh2h4,Bh4h5,Bh5h6][%mdl 32]} b5 15. h5 Rb8 16. h6 g6 {Hoping for ...b4.} 17. a3 Bb7 18. Rh3 Rfc8 {[#]} 19. Rd2 $146 ({Predecessor:} 19. Kb1 Qe7 20. g4 Bc6 21. Na2 a5 22. c3 Nb3 23. Qf2 d4 24. cxd4 Bd5 25. Bg2 Bc4 26. Bf1 Bd5 27. Bg2 {½-½ (27) Malek,M (2184)-Zeghachov,D (2106) ICCF email 2017}) 19... Ba8 (19... Qe7 {is interesting.} 20. b4 Ne4 21. Nxe4 dxe4 22. Qd6 Qe8) 20. g4 (20. b4 {is more complex.} Ne4 21. Nxe4 dxe4 22. Qd7 Bd5 23. Qxc7 Rxc7 24. g4) 20... Nd7 {[#]} (20... Qb7 $11 {remains equal.}) 21. Re3 {White is much more active.} (21. Ne4 $1 $16) 21... Qc5 ({Better is} 21... Bc6 $11) 22. Qxc5 $14 Rxc5 23. Ne2 Nb6 24. Nd4 Nc4 25. Bxc4 dxc4 26. f5 Bd5 27. Rf2 (27. fxe6 $16 fxe6 28. Rf2) 27... Re8 28. fxg6 fxg6 29. Rf6 g5 30. Re2 (30. Kd2 $16) 30... c3 (30... Rf8 $1 $11) 31. b3 $16 Rf8 32. Ref2 {[%csl Gf2][%cal Rf6f8]} Rcc8 33. Kd1 {Strongly threatening Ke2.} Rxf6 34. Rxf6 Rf8 35. Rxf8+ Kxf8 $18 {[%mdl 4096] Endgame KB-KN} 36. Ke2 $1 {Kd3 is the strong threat.} Kf7 37. Kd3 Kg6 $2 {[%mdl 8192] Loses the game.} (37... Bg2 $16) 38. Kxc3 Kxh6 39. Kb4 Kg6 40. c4 bxc4 41. bxc4 Be4 42. Nxe6 Bf3 $2 {[#]} (42... h5) 43. Kc5 $1 ({Not} 43. Nf8+ Kh6 $18) 43... Bxg4 {[#]} 44. Kd6 $1 Bxe6 45. Kxe6 {K3P-K3P} g4 46. Kd7 g3 47. e6 {White wants to mate with e7.} g2 48. e7 g1=Q 49. e8=Q+ {KQ-KQ} Kg7 50. Qe5+ Kf7 51. Qe7+ Kg8 52. c5 {[%cal Bc4c5,Bc5c6,Bc6c7][%mdl 32] White mates.} Qd4+ 53. Qd6 Qg7+ 54. Ke8 Qf7+ 55. Kd8 Qf2 56. c6 Qb6+ 57. Ke7 h5 58. c7 Qb7 59. Kd8 {Weighted Error Value: White=0.18 (very precise) /Black=0.69} 1-0

[Event "VIII Iberoamericano Mexico 2022"]
[Site "Mexico City"]
[Date "2022.02.19"]
[Round "9.10"]
[White "Veiga, Jose Francisco R P N"]
[Black "Gonzalez Zamora, Juan Carlos"]
[Result "1/2-1/2"]
[WhiteElo "2366"]
[BlackElo "2544"]
[Annotator "ChessBase"]
[PlyCount "88"]
[EventDate "2022.02.12"]
[EventType "swiss"]
[EventCountry "MEX"]
[SourceTitle "playchess.com"]
[Source "ChessBase"]
[SourceQuality "1"]
[TimeControl "5400+30"]

1. Nf3 {[%emt 0:00:06]} Nf6 {[%emt 0:00:40]} 2. g3 {[%emt 0:00:11]} g6 {[%emt 0:00:07]} 3. Bg2 {[%emt 0:00:11]} Bg7 {[%emt 0:00:05]} 4. O-O {[%emt 0:00:13]} O-O {[%emt 0:00:04]} 5. c4 {[%emt 0:00:29]} d6 {[%emt 0:00:07]} 6. d4 {[%emt 0:01:16]} Nc6 {[%emt 0:00:07]} 7. Nc3 {[%emt 0:00:17]} Bf5 {[%emt 0:00:15]} 8. b3 {[%emt 0:01:44]} Ne4 {[%emt 0:06:10]} 9. Bb2 {[%emt 0:01:18]} Nxc3 {[%emt 0:00:06]} 10. Bxc3 {[%emt 0:00:05]} Be4 {[%emt 0:00:05]} 11. Qd2 {[%emt 0:04:09]} d5 {[%emt 0:01:26]} 12. Ne5 {[%emt 0:05:25]} Nxe5 {[%emt 0:12:16]} 13. dxe5 {[%emt 0:00:56]} Bxg2 {[%emt 0:00:15]} 14. Kxg2 {[%emt 0:00:07]} dxc4 {[%emt 0:00:56]} 15. Qxd8 {[%emt 0:00:11]} Rfxd8 {[%emt 0:00:15]} 16. bxc4 {[%emt 0:00:27]} Kf8 {[%emt 0:01:45]} 17. Rab1 {[%emt 0:01:13]} b6 {[%emt 0:01:17]} 18. Rfd1 {[%emt 0:00:43]} Ke8 {[%emt 0:01:47]} 19. Kf3 {[%emt 0:00:33]} a6 {[%emt 0:00:32]} 20. a4 {[%emt 0:02:33]} Rxd1 {[%emt 0:00:42]} 21. Rxd1 {[%emt 0:00:02]} e6 {[%emt 0:00:06]} 22. Ke4 {[%emt 0:02:18]} Bf8 {[%emt 0:00:29]} 23. Bd4 {[%emt 0:06:15]} Rd8 {[%emt 0:00:27]} 24. Rd3 {[%emt 0:03:35]} h5 {[%emt 0:01:35]} 25. h3 {[%emt 0:02:00]} Rb8 {[%emt 0:00:10]} 26. Rb3 {[%emt 0:01:21]} Be7 {[%emt 0:03:39]} 27. g4 {[%emt 0:02:39]} hxg4 {[%emt 0:03:05]} 28. hxg4 {[%emt 0:00:02]} c5 {[%emt 0:04:59]} 29. Bb2 {[%emt 0:02:50]} Rb7 {[%emt 0:02:22]} 30. Bc1 {[%emt 0:08:18]} Kd8 {[%emt 0:09:07]} 31. Rf3 {[%emt 0:03:33]} Rd7 {[%emt 0:01:47]} 32. Rd3 {[%emt 0:02:20]} Kc7 {[%emt 0:00:10]} 33. Rxd7+ {[%emt 0:00:56]} Kxd7 {[%emt 0:00:05]} 34. Kd3 {[%emt 0:03:41]} Kc6 {[%emt 0:01:35]} 35. Kc2 {[%emt 0:00:19]} Bh4 {[%emt 0:00:23]} 36. Be3 {[%emt 0:00:48]} Bd8 {[%emt 0:00:23]} 37. Bd2 {[%emt 0:03:17]} Bc7 {[%emt 0:00:29]} 38. Bc3 {[%emt 0:01:08]} b5 {[%emt 0:00:10]} 39. Kb3 {[%emt 0:00:16]} Bd8 {[%emt 0:02:42]} 40. Bd2 {[%emt 0:02:54]} Bb6 {[%emt 0:01:31]} 41. g5 {[%emt 0:01:25]} Bd8 {[%emt 0:02:05]} 42. f4 {[%emt 0:00:19]} Bc7 {[%emt 0:02:05]} 43. Be1 {[%emt 0:00:34]} Bd8 {[%emt 0:00:17]} 44. Bd2 {[%emt 0:00:07]} Bc7 {[%emt 0:43:52]} 1/2-1/2

[Event "VIII Iberoamericano Mexico 2022"]
[Site "Mexico City"]
[Date "2022.02.19"]
[Round "9.11"]
[White "Sanchez Alvarez, Roberto Carlos"]
[Black "Rodriguez Vila, Andres"]
[Result "1-0"]
[WhiteElo "2407"]
[BlackElo "2461"]
[Annotator "ChessBase"]
[PlyCount "61"]
[EventDate "2022.02.12"]
[EventType "swiss"]
[EventCountry "MEX"]
[SourceTitle "playchess.com"]
[Source "ChessBase"]
[SourceQuality "1"]
[TimeControl "5400+30"]

1. d4 {[%emt 0:00:15]} e6 {[%emt 0:00:18]} 2. c4 {[%emt 0:00:34]} Nf6 {[%emt 0:00:50]} 3. Nc3 {[%emt 0:00:12]} Bb4 {[%emt 0:00:05]} 4. Nf3 {[%emt 0:02:24]} O-O {[%emt 0:00:24]} 5. Qc2 {[%emt 0:00:26]} d6 {[%emt 0:00:50]} 6. g3 {[%emt 0:12:58]} c5 {[%emt 0:03:58]} 7. dxc5 {[%emt 0:06:45]} dxc5 {[%emt 0:00:22]} 8. Bd2 {[%emt 0:00:01]} Nc6 {[%emt 0:00:52]} 9. a3 {[%emt 0:00:03]} Ba5 {[%emt 0:00:51]} 10. e3 {[%emt 0:00:47]} e5 {[%emt 0:01:53]} 11. Bg2 {[%emt 0:03:17]} Be6 {[%emt 0:00:16]} 12. b3 {[%emt 0:00:47]} Qc8 {[%emt 0:01:00]} 13. O-O {[%emt 0:00:32]} Rd8 {[%emt 0:02:08]} 14. Rfd1 {[%emt 0:00:39]} Bf5 {[%emt 0:01:10]} 15. Qb2 {[%emt 0:01:50]} Bg4 {[%emt 0:04:17]} 16. Nd5 {[%emt 0:01:25]} Bxd2 {[%emt 0:16:42]} 17. Rxd2 {[%emt 0:11:04]} Qf5 {[%emt 0:07:33]} 18. Nh4 {[%emt 0:06:35]} Qh5 {[%emt 0:00:08]} 19. h3 {[%emt 0:04:58]} Be6 {[%emt 0:00:17]} 20. Rad1 {[%emt 0:00:11]} Rdc8 {[%emt 0:15:14]} 21. f4 {[%emt 0:16:30]} Nd7 {[%emt 0:06:06]} 22. Nc3 {[%emt 0:06:04]} exf4 {[%emt 0:02:07]} 23. exf4 {[%emt 0:00:33]} Nb6 {[%emt 0:01:41]} 24. Ne4 {[%emt 0:01:55]} Rab8 {[%emt 0:06:02]} 25. Bf3 {[%emt 0:03:41]} Qh6 {[%emt 0:00:21]} 26. Nxc5 {[%emt 0:00:49]} Bxh3 {[%emt 0:06:36]} 27. Rd6 {[%emt 0:00:27]} Be6 {[%emt 0:02:45]} 28. Bxc6 {[%emt 0:00:21]} bxc6 {[%emt 0:00:14]} 29. Nf5 {[%emt 0:00:14]} Bxf5 {[%emt 0:05:12]} 30. Re6 {[%emt 0:00:10]} Qxe6 {[%emt 0:00:03]} 31. Qf6 {[%emt 0:01:59]} 1-0

[Event "VIII Iberoamericano Mexico 2022"]
[Site "Mexico City"]
[Date "2022.02.19"]
[Round "9.14"]
[White "Quesada Perez, Luis Ernesto"]
[Black "Sandoval Mercado, Carlos"]
[Result "1-0"]
[WhiteElo "2517"]
[BlackElo "2289"]
[Annotator "ChessBase"]
[PlyCount "47"]
[EventDate "2022.02.12"]
[EventType "swiss"]
[EventCountry "MEX"]
[SourceTitle "playchess.com"]
[Source "ChessBase"]
[SourceQuality "1"]
[TimeControl "5400+30"]

1. d4 {[%emt 0:00:02]} Nf6 {[%emt 0:00:08]} 2. c4 {[%emt 0:00:06]} g6 {[%emt 0:00:06]} 3. Nc3 {[%emt 0:00:06]} Bg7 {[%emt 0:00:09]} 4. e4 {[%emt 0:00:06]} d6 {[%emt 0:00:06]} 5. f4 {[%emt 0:00:15]} O-O {[%emt 0:02:46]} 6. Nf3 {[%emt 0:00:05]} c5 {[%emt 0:00:05]} 7. d5 {[%emt 0:00:04]} e6 {[%emt 0:00:03]} 8. dxe6 {[%emt 0:00:05]} fxe6 {[%emt 0:00:21]} 9. Bd3 {[%emt 0:00:04]} Nc6 {[%emt 0:00:04]} 10. O-O {[%emt 0:00:07]} Nd4 {[%emt 0:00:46]} 11. Nxd4 {[%emt 0:00:36]} cxd4 {[%emt 0:00:10]} 12. Nb5 {[%emt 0:00:01]} a6 {[%emt 0:09:28]} 13. Nxd4 {[%emt 0:00:02]} Qb6 {[%emt 0:01:55]} 14. Be3 {[%emt 0:00:02]} Ng4 {[%emt 0:01:13]} 15. Qxg4 {[%emt 0:00:02]} Bxd4 {[%emt 0:00:07]} 16. Bf2 {[%emt 0:00:02]} Qxb2 {[%emt 0:08:54]} 17. Rad1 {[%emt 0:00:01]} e5 {[%emt 0:10:40]} 18. f5 {[%emt 0:00:07]} Kh8 {[%emt 0:00:04]} 19. Qh4 {[%emt 0:01:33]} Qb6 {[%emt 0:34:17]} 20. Kh1 {[%emt 0:02:53]} Bxf2 {[%emt 0:02:52]} 21. Rxf2 {[%emt 0:00:02]} Rf7 {[%emt 0:00:26]} 22. fxg6 {[%emt 0:03:07]} Qxf2 {[%emt 0:03:59]} 23. gxf7 {[%emt 0:00:01]} Qxf7 {[%emt 0:00:08]} 24. Rf1 {[%emt 1:33:01]} 1-0

[Event "VIII Iberoamericano Mexico 2022"]
[Site "Mexico City"]
[Date "2022.02.19"]
[Round "9.15"]
[White "Dominguez Aguilar, Guillermo"]
[Black "Perez Gormaz, Matias"]
[Result "1-0"]
[WhiteElo "2321"]
[BlackElo "2404"]
[Annotator "NA"]
[PlyCount "65"]
[EventDate "2022.02.12"]
[EventType "swiss"]
[EventCountry "MEX"]
[SourceTitle "playchess.com"]
[Source "ChessBase"]
[SourceQuality "1"]
[TimeControl "5400+30"]

1. e4 {[%emt 0:13:59]} c5 {[%emt 0:00:08]} 2. Nc3 {[%emt 0:00:10]} Nc6 {[%emt 0:00:08]} 3. f4 {[%emt 0:00:06]} g6 {[%emt 0:00:13]} 4. Nf3 {[%emt 0:00:24]} Bg7 {[%emt 0:00:10]} 5. Bb5 {[%emt 0:00:26]} Nd4 {[%emt 0:00:10]} 6. O-O {[%emt 0:00:54]} Nxb5 {[%emt 0:15:58]} 7. Nxb5 {[%emt 0:00:35]} d5 {[%emt 0:00:49]} 8. exd5 {[%emt 0:00:37]} a6 {[%emt 0:00:06]} 9. Nc3 {[%emt 0:01:24]} Nf6 {[%emt 0:00:08]} 10. d4 {[%emt 0:00:24]} c4 {[%emt 0:10:36]} 11. Ne5 {[%emt 0:06:43]} Nxd5 {[%emt 0:00:22]} 12. Qe2 $11 {[%emt 0:04:45]} Nxc3 {[%emt 0:19:20]} 13. bxc3 {[%emt 0:00:35]} Be6 {[%emt 0:00:02]} 14. Rb1 {[%emt 0:02:57]} Qc7 {[%emt 0:10:23]} 15. Qe4 {[%emt 0:16:33]} Rb8 {[%emt 0:07:37]} 16. Ba3 {[%emt 0:00:41]} O-O {[%emt 0:00:32]} 17. Bc5 {[%emt 0:00:35]} b6 {[%emt 0:02:47]} 18. Ba3 {[%emt 0:00:21]} Rbc8 {[%emt 0:00:54]} 19. d5 {[%emt 0:01:47]} Bf5 {[%emt 0:02:16]} 20. Qe3 {[%emt 0:00:28]} b5 {[%emt 0:04:48]} 21. Nc6 {[%emt 0:02:22]} Bf6 {[%emt 0:00:02]} 22. Nxe7+ {[%emt 0:02:28]} Bxe7 {[%emt 0:00:04]} 23. Bxe7 {[%emt 0:02:13]} Rfe8 {[%emt 0:00:04]} 24. Rbe1 {[%emt 0:00:18]} Bxc2 {[%emt 0:03:22]} 25. d6 {[%emt 0:01:08]} Qd7 {[%emt 0:00:06]} 26. Rf2 {[%emt 0:00:41]} Bf5 {[%emt 0:00:14]} 27. h3 {[%emt 0:00:41]} h5 {[%emt 0:04:23]} 28. Qd4 {[%emt 0:09:02]} Rc6 {[%emt 0:01:37]} 29. Re5 {[%emt 0:00:46]} b4 {[%emt 0:07:36]} 30. g4 {[%emt 0:02:33]} hxg4 {[%emt 0:00:03]} 31. hxg4 {[%emt 0:00:06]} Bd3 {[%emt 0:00:42]} 32. f5 {[%emt 0:00:46]} f6 {[%emt 0:00:01]} 33. Re6 {[%emt 0:02:15]} 1-0